Plan to boost British housebuilding, jobs and the economy (Record no. 84264)
[ view plain ]
| 000 -LEADER | |
|---|---|
| fixed length control field | 01523cad a22002295a 4500 |
| 001 - CONTROL NUMBER | |
| control field | L157128 |
| 008 - FIXED-LENGTH DATA ELEMENTS--GENERAL INFORMATION | |
| fixed length control field | 120906e20120906xxk g 000 0 eng d |
| 035 ## - SYSTEM CONTROL NUMBER | |
| System control number | (Sirsi) u157128 |
| 041 0# - LANGUAGE CODE | |
| Language code of text/sound track or separate title | eng |
| 110 2# - MAIN ENTRY--CORPORATE NAME | |
| Corporate name or jurisdiction name as entry element | United Kingdom |
| Subordinate unit | Department for Communities and Local Government |
| 9 (RLIN) | 4939 |
| 245 00 - TITLE STATEMENT | |
| Title | Plan to boost British housebuilding, jobs and the economy |
| Medium | [electronic resource] |
| 260 ## - PUBLICATION, DISTRIBUTION, ETC. | |
| Date of publication, distribution, etc. | 2012 |
| 490 ## - SERIES STATEMENT | |
| Series statement | Department for Communities and Local Government News Release |
| Volume/sequential designation | 6 September 2012 |
| 520 ## - SUMMARY, ETC. | |
| Summary, etc. | Government announces major housing and planning package aimed at helping businesses, developers and first-time buyers, while reducing red tape. This will help deliver up to 70 000 new homes, 140 000 jobs and give a £40 billion guarantee for major infrastructure projects. The measures include removing restrictions on house builders to unlock 75 000 homes currently stalled due to sites being commercially unviable, building up to 15 000 affordable homes and bringing 5 000 empty homes back into use using new capital funding of £300m. Also for a time limited period it is proposed that planning red tape is reduced to help families and businesses make improvements to their properties. |
| 590 ## - LOCAL NOTE (RLIN) | |
| Local note | KA NTK |
| 651 #4 - SUBJECT ADDED ENTRY--GEOGRAPHIC NAME | |
| Geographic name | United Kingdom |
| Chronological subdivision | |
| 690 ## - LOCAL SUBJECT ADDED ENTRY--TOPICAL TERM (OCLC, RLIN) | |
| Topical term or geographic name as entry element | Residential property |
| 9 (RLIN) | 6266 |
| 690 ## - LOCAL SUBJECT ADDED ENTRY--TOPICAL TERM (OCLC, RLIN) | |
| Topical term or geographic name as entry element | Affordable housing |
| 9 (RLIN) | 6215 |
| 690 ## - LOCAL SUBJECT ADDED ENTRY--TOPICAL TERM (OCLC, RLIN) | |
| Topical term or geographic name as entry element | Planning and development |
| 9 (RLIN) | 6259 |
| 856 40 - ELECTRONIC LOCATION AND ACCESS | |
| Uniform Resource Identifier | <a href="https://www.communities.gov.uk/news/newsroom/2211779">https://www.communities.gov.uk/news/newsroom/2211779</a> |
| Public note | View the press release free of charge at www.communities.gov.uk |
| 942 ## - ADDED ENTRY ELEMENTS (KOHA) | |
| Suppress in OPAC | 0 |
| Withdrawn status | Lost status | Source of classification or shelving scheme | Damaged status | Not for loan | Home library | Current library | Shelving location | Date acquired | Total Checkouts | Full call number | Barcode | Date last seen | Copy number | Price effective from | Koha item type |
|---|---|---|---|---|---|---|---|---|---|---|---|---|---|---|---|
| Dewey Decimal Classification | Virtual | Virtual | Online | 06/09/2012 | ONLINE PUBLICATION | 157128-2001 | 06/08/2019 | 1 | 06/08/2019 | Journal article |